| 000 | 01053nac a22002411u 4500 | ||
|---|---|---|---|
| 010 | _a 00032905 | ||
| 020 | _a0071360573 (pbk. : recycled, acid-free paper) | ||
| 082 | 0 | 0 |
_a621.381 _bS6345 |
| 090 |
_c75 _d75 |
||
| 100 | _aSlone, G. Randy. | ||
| 245 | 1 | 0 |
_aTAB electronics guide to understanding electricity and electronics / _cG. Randy Slone. |
| 246 | 3 | _aElectricity and electronics | |
| 250 | _a2nd ed. | ||
| 260 |
_aNew York : _bMcGraw-Hill, _cc2000. |
||
| 300 |
_axvii, 459 p. : _bill. ; _c24 cm. |
||
| 650 | 0 | _aElectronics. | |
| 650 | 0 | _aElectricity. | |
| 856 | 4 | 2 |
_3Contributor biographical information _uhttp://www.loc.gov/catdir/bios/mh041/00032905.html |
| 856 | 4 | 2 |
_3Publisher description _uhttp://www.loc.gov/catdir/description/mh021/00032905.html |
| 856 | 4 | 2 |
_3Table of contents _uhttp://www.loc.gov/catdir/toc/mh021/00032905.html |
| 942 |
_cBB _kS6345 |
||
| 999 |
_c75 _d75 |
||